| 000 | 00864nam a2200229 a 4500 | ||
|---|---|---|---|
| 001 | 000040894 | ||
| 005 | 20201002034446.0 | ||
| 008 | 130911s2006 dr 000 0 spa d | ||
| 040 |
_aDO-SdBNP _bspa _cBNPHU |
||
| 082 |
_a344.729301 _bL462p |
||
| 100 | 1 |
_aLeclerc Jáquez, Luis Rafael _967325 |
|
| 245 | 1 | 0 |
_aProcedimiento laboral / _cLuis Rafael Leclerc Jáquez; prólogo, Miguel Angel Prestol. |
| 260 |
_aSanto Domingo : _bItesa, _c2006. |
||
| 300 |
_a164 p ; _c23 cm. |
||
| 504 | _aBibliografía: p. 163-164 | ||
| 500 | _aIncluye datos biográficos del autor en la contraportada | ||
| 590 | _aIInventariado,2018/DG | ||
| 650 | 4 |
_aProcedimiento laboral _zRepública Dominicana _967326 |
|
| 700 | 1 | 2 |
_aPrestol, Miguel Angel _eprol. _96419 |
| 710 | 2 |
_aInstituto Tecnológico Salesiano (República Dominicana) _967327 |
|
| 910 | _aValidado. Control de calidad MFF | ||
| 999 |
_c40384 _d40384 |
||